Teaching Compassion : Humane Education in Early Childhood /

שמור ב:
מידע ביבליוגרפי
מחבר ראשי: Jalongo, Mary Renck (autor)
פורמט: ספר
שפה:אנגלית
יצא לאור: Dordrecht, Holanda : Springer, 2014, c2014
סדרה:(Educating the Young Child: Advances in Theory and Research, Implications for Practice ; 8)
נושאים:
גישה מקוונת:Ver documento en línea
תגים: הוספת תג
אין תגיות, היה/י הראשונ/ה לתייג את הרשומה!

MARC

LEADER 00000nam^a2200000^a^4500
001 000420406
005 20251023000000.0
009 20260310122509.086
020 |a 978-94-007-6922-9 
037 |a Acervo ITESO - Biblioteca 
041 |a ING 
082 |a 370. 114  |b JAL 
100 |a Jalongo, Mary Renck  |e (autor) 
245 1 0 |a Teaching Compassion :  |b Humane Education in Early Childhood /  |c M.R. Jalongo ; pról. de M. Rivkin. 
264 4 |a Dordrecht, Holanda :  |b Springer,  |c 2014, c2014 
264 2 |a Cham, Suiza :  |b Springer Link [distribución],  |c 2014 
300 |a 1 libro electrónico en línea (XVI, 237, [2] p.) 
300 |a 1 recurso en línea 
336 |a datos para computadora  |b cod  |2 rdacontenido 
337 |a computadora  |b c  |2 rdamedio 
338 |a recurso en línea  |b cr  |2 rdasoporte 
440 1 |a (Educating the Young Child: Advances in Theory and Research, Implications for Practice ;  |v 8) 
506 0 |a Licencias ilimitadas 
649 |a XX 
650 |a Misericordia -  |x Estudio y Enseñanza -  |x Tema Principal 
650 |a Valores -  |x Estudio y Enseñanza 
650 |a Axiología de la Educación 
650 |a Educación Preescolar -  |x Tema Principal 
856 4 0 |u https://link-springer-com.ezproxy.iteso.mx/10.1007/978-94-007-6922-9  |y Ver documento en línea 
910 |a Fondo General 
920 |a Electrónicos - Libros en Línea 
930 |a Plataforma Digital 
905 |a 205 
901 |a 420406-1  |b IT2  |c EBO  |i C172346  |u 20250521 
902 |a https://opac.biblio.iteso.mx/vufind/Record/000420406